000 00562nam a2200181 a 4500
005 20240419063800.0
008 030124s1974 mx r 000 0 spa d
035 _aUPN01000121595
049 _aCG
050 4 _aGN60
_bA5.6
245 0 0 _aAntropología física :
_bépoca prehispánica /
_cJuan Comas... [et al.].
260 _aMéxico :
_bSEP :
_bINAH,
_c1974.
300 _a294 p. :
_bil.
440 0 _aMéxico, panorama histórico y cultural ;
_v3
650 4 _aAntropología física
_94461
700 1 _aComas, Juan,
_d1900-1979
_ecoaut.
_930643
905 _aLibro
999 _c93820
_d93820